000 00347nam a2200145Ia 4500
005 20251222143201.0
008 251222s9999||||xx |||||||||||||| ||spa||
020 _a9789585903517
082 _a658.101/C28
100 _aCardona Gómez, Jairo Hernando
245 0 _aGerencia del Valor:
250 _a1ra. ed.
264 _bLemoine
942 _cLIB
999 _c13066
_d13066